Online
Catalog

Micro, pequeña y mediana empresa. Estudios de casos de éxito : (Record no. 27602)

MARC details
000 -CABECERA
campo de control de longitud fija 00745nam a2200193 a 4500
001 - NÚMERO DE CONTROL
campo de control 000028110
005 - FECHA Y HORA DE LA ÚLTIMA TRANSACCIÓN
campo de control 20210705100942.0
008 - DATOS DE LONGITUD FIJA--INFORMACIÓN GENERAL
campo de control de longitud fija 110406s1999 dr 000 0 spa d
020 ## - NÚMERO INTERNACIONAL ESTÁNDAR DEL LIBRO
Número Internacional Estándar del Libro 9993425001
040 ## - FUENTE DE LA CATALOGACIÓN
Centro catalogador/agencia de origen DO-SdBNP
Lengua de catalogación spa
Centro/agencia transcriptor BNPHU
082 ## - NÚMERO DE LA CLASIFICACIÓN DECIMAL DEWEY
Número de clasificación xxx
Número de documento/Ítem S211m
100 1# - ENTRADA PRINCIPAL--NOMBRE DE PERSONA
Nombre de persona Sánchez Maríñez, Julio
9 (RLIN) 1591
245 10 - MENCIÓN DE TÍTULO
Título Micro, pequeña y mediana empresa. Estudios de casos de éxito :
Resto del título Rattan Dominicana /
Mención de responsabilidad, etc. Julio Sánchez Maríñez.
260 ## - PUBLICACIÓN, DISTRIBUCIÓN, ETC.
Lugar de publicación, distribución, etc. Santo Domingo :
Nombre del editor, distribuidor, etc. Centro de Apoyo a la Micro, Pequeña y Mediana Empresa :
-- Instituto Tecnológico de Santo Domingo,
Fecha de publicación, distribución, etc. 1999.
300 ## - DESCRIPCIÓN FÍSICA
Extensión xv, 41 p. ;
Dimensiones 25 cm.
490 1# - MENCIÓN DE SERIE
Mención de serie CAMPE de investigaciones
Designación de volumen o secuencia v. 1
710 2# - PUNTO DE ACCESO ADICIONAL--NOMBRE DE ENTIDAD CORPORATIVA
Nombre de entidad corporativa o nombre de jurisdicción como elemento de entrada Rattan Dominicana
9 (RLIN) 55118
830 #0 - PUNTO DE ACCESO ADICIONAL DE SERIE-TÍTULO UNIFORME
Título uniforme CAMPE de investigaciones
Número de parte o sección de la obra no. 1
9 (RLIN) 55119
Holdings
Estado de retiro Estado de pérdida Restricciones de uso No para préstamo Código de colección Localización permanente Ubicación/localización actual Ubicación en estantería Fecha de adquisición Número de inventario Total de préstamos Signatura topográfica completa Código de barras Fecha visto por última vez Número de copia Precio válido a partir de Tipo de ítem Koha
        Dominicana de Servicio General General En catalogación 06.04.2011 LF1   xxx S211m 28110-30 25.06.2020 e. 3 25.06.2020 Libro y Folleto Colección Dominicana de Servicio
        Dominicana de Servicio General General En catalogación 06.04.2011 LF1   xxx S211m 28110-40 25.06.2020 e. 4 25.06.2020 Libro y Folleto Colección Dominicana de Servicio
      Excluido de préstamo Patrimonio Dominicano Patrimonio Dominicano Patrimonio Dominicano En catalogación 06.04.2011 LF1   xxx S211m 28110-10 25.06.2020   25.06.2020 Libro y Folleto Colección Patrimonio Dominicano
      Excluido de préstamo Patrimonio Dominicano Patrimonio Dominicano Patrimonio Dominicano En catalogación 06.04.2011 LF1   xxx S211m 28110-20 25.06.2020 e. 2 25.06.2020 Libro y Folleto Colección Patrimonio Dominicano
        Patrimonio Dominicano Patrimonio Dominicano Patrimonio Dominicano Orden iniciada 06.04.2011 LF1   xxx S211m 28111-10 25.06.2020   25.06.2020 Libro y Folleto Colección Patrimonio Dominicano

Powered by Koha